Electrical engineering
This streamlined review gets you solving problems quickly to measure your readiness for the PE exam. After each solution, a pointer to further review is provided if you need it. Solutions to multiple-choice problems include explanations of plausible wrong answers as well as the correct ones.
Gardado en:
| Autor Principal: | |
|---|---|
| Formato: | Libro |
| Idioma: | Undetermined |
| Publicado: |
Boston, Massachusetts
International Texbook
1965
|
| Những chủ đề: | |
| Các nhãn: |
Engadir etiqueta
Sen Etiquetas, Sexa o primeiro en etiquetar este rexistro!
|
| Thư viện lưu trữ: | Trung tâm Học liệu Trường Đại học Cần Thơ |
|---|
| LEADER | 00804nam a2200193Ia 4500 | ||
|---|---|---|---|
| 001 | CTU_14133 | ||
| 008 | 210402s9999 xx 000 0 und d | ||
| 082 | |a 621.37 | ||
| 082 | |b J66 | ||
| 100 | |a Johnson, Jame H. | ||
| 245 | 0 | |a Electrical engineering | |
| 245 | 0 | |c Jame H. Johnson | |
| 260 | |a Boston, Massachusetts | ||
| 260 | |b International Texbook | ||
| 260 | |c 1965 | ||
| 520 | |a This streamlined review gets you solving problems quickly to measure your readiness for the PE exam. After each solution, a pointer to further review is provided if you need it. Solutions to multiple-choice problems include explanations of plausible wrong answers as well as the correct ones. | ||
| 650 | |a Electrical engineering | ||
| 904 | |i Minh, Hải | ||
| 980 | |a Trung tâm Học liệu Trường Đại học Cần Thơ | ||